000 00619nam a2200217Ia 4500
003 OSt
005 20221005114021.0
006 a|||||r|||| 00| 0
007 ta
008 221004b |||||||| |||| 00| 0 eng d
024 _a36819
037 _cTextual
040 _aCRL
_cCRL
_beng
041 _2eng
_aeng
082 _aOa2:173:N5, K0
245 0 _aAmerican literary manuscripts
_b A checklist of holdings in academic, historical and public libraries in the United States
260 _c1960
650 _aENGLISH LITERATURE
942 _hOa2:173:N5, K0
_cTEXL
_2cc
999 _c1030025
_d1030025